000 00346nam a2200133Ia 4500
008 231129s9999||||xx |||||||||||||| ||spa||
020 _a84-8280-427-8
040 _bspa
082 _aCo863 S231m
100 _aSantamaria German
245 0 _aMorir de ultimo
264 _aLa Oveja Negra
942 _2ddc
_cBKS
999 _c21405
_d21405